000 00205 a2200097 4500
020 _a9780822550617
041 _aspa
100 _a Robin Nelson
245 _aLas Grasas los Acites y los Dulces
942 _cBK
999 _c14221
_d14221